Differential geometrical methods in mathematical physics
I tiakina i:
| Ngā kaituhi matua: | , |
|---|---|
| Hōputu: | Pukapuka |
| Reo: | Ingarihi |
| I whakaputaina: |
Berlín
Springer-Verlag
1977
|
| Rangatū: | Lecture Notes in Mathematics, 570
|
| Ngā marau: | |
| Ngā Tūtohu: |
Tāpirihia he Tūtohu
Kāore He Tūtohu, Me noho koe te mea tuatahi ki te tūtohu i tēnei pūkete!
|
MARC
| LEADER | 00000nam a2200000 a 4500 | ||
|---|---|---|---|
| 001 | UCQ9247 | ||
| 003 | CL-VaPUC | ||
| 008 | 981230e19770000GW |||||||||||||||||eng|d | ||
| 082 | 0 | 4 | |a 516.36 |b BLE |2 21 |
| 100 | 0 | |a Bleuler, K |e author |9 423735 | |
| 700 | 0 | |a Reetz, A |e author |9 423736 | |
| 245 | 1 | 0 | |a Differential geometrical methods in mathematical physics |
| 300 | |a 576 p | ||
| 942 | |c BK | ||
| 945 | |d 19981230 00:00:00 |a crobeson | ||
| 260 | |a Berlín |b Springer-Verlag |c 1977 | ||
| 650 | 0 | |a Geometría diferencial |9 315147 | |
| 650 | 0 | |a Física matemática |9 260981 | |
| 650 | 0 | |a Congresos |9 257560 | |
| 583 | |a last modification |c 19981230 00:00:00 |k Rodrigo Vera | ||
| 490 | 0 | |a Lecture Notes in Mathematics, 570 | |
| 999 | |c 278325 |d 278323 | ||
| 952 | |0 0 |1 0 |4 0 |6 516_360000000000000_BLE_1977 |7 0 |8 A |9 316813 |a BIBMAT |b BIBMAT |d 2019-11-20 |i 1313894 |o 516.36 BLE 1977 |p 1313894 |r 2025-01-07 |w 2019-11-20 |y BK |k MAT | ||